Biblioteka Instytutu Północnego w Olsztynie

Widok standardowy Widok MARC

Pozycja Personal Name

Liczba rekordów, w których użyto hasła: 1

001 - Numer kontrolny

  • control field: 40481

003 - Identyfikator numeru kontrolnego

  • control field: NUKAT

005 - Data i czas ostatniej modyfikacji

  • control field: 20260424140425.0

008 - Dane kontrolne kodowane (40 znaków)

  • fixed length control field: 970726n||a|znnaabn |a aaa |c

010 ## - Numer kontrolny Biblioteki Kongresu

  • numer kontrolny LC: n 97061639

024 7# - OTHER STANDARD IDENTIFIER

  • Standard number or code: 76309215
  • Source of number or code: viaf

024 7# - OTHER STANDARD IDENTIFIER

  • Standard number or code: 0000000109168414
  • Source of number or code: isni

024 7# - OTHER STANDARD IDENTIFIER

  • Standard number or code: Q8862369
  • Source of number or code: wikidata

040 ## - Instytucja sporządzająca rekord

  • inst. przygot. dane do rek. khw: KR U/JB
  • język haseł przedmiotowych/tezaurus: kaba
  • inst. wprow. rek. khw: KR U/JB
  • inst. modyf. rek. khw: WA U/91IO
  • inst. modyf. rek. khw: WA U/BM
  • inst. modyf. rek. khw: KR U/16AJ
  • inst. modyf. rek. khw: KR U/16AJ
  • inst. modyf. rek. khw: WA U/JKs
  • inst. modyf. rek. khw: WA U/MM
  • inst. modyf. rek. khw: PZ 001/LP
  • inst. modyf. rek. khw: WA U/AL
  • inst. modyf. rek. khw: Ł U/bb
  • inst. modyf. rek. khw: WA U/EDP

043 ## - Kod obszaru geograficznego

  • ISO code: PL

046 ## - Special dates

  • Birth date: 1864
  • Death date: 1945

100 1# - Hasło - nazwa osobowa

  • nazwa osobowa w formie ujednoliconej: Koschembahr-Łyskowski, Ignacy
  • daty biograficzne: (1864-1945).

370 ## - Associated place

  • Place of death: Milanówek (Polska).
  • Auth control #: http://nukat.edu.pl/aut/s 96013027
  • Source of term: kaba

370 ## - Associated place

  • Country: Polska.
  • Auth control #: http://nukat.edu.pl/aut/s 94110000
  • Source of term: kaba

370 ## - Associated place

  • Other assoc. place: Fryburg Bryzgowijski (Niemcy).
  • Auth control #: http://nukat.edu.pl/aut/s 01081320
  • Source of term: kaba

370 ## - Associated place

  • Other assoc. place: Lwów (Ukraina).
  • Auth control #: http://nukat.edu.pl/aut/s 95011598
  • Source of term: kaba

372 ## - Field of activity

  • Field: Edukacja.
  • Auth control #: http://nukat.edu.pl/aut/s 96010278
  • Source of term: kaba

372 ## - Field of activity

  • Field: Prawo rzymskie.
  • Auth control #: http://nukat.edu.pl/aut/s 94205607
  • Source of term: kaba

373 ## - Associated Group

  • Associated group: Albert-Ludwigs-Universität Freiburg.
  • Auth control #: http://nukat.edu.pl/aut/n 97028044

373 ## - Associated Group

  • Associated group: Uniwersytet Jana Kazimierza (Lwów).
  • Auth control #: http://nukat.edu.pl/aut/n 97046666

373 ## - Associated Group

  • Associated group: Uniwersytet Warszawski.
  • Auth control #: http://nukat.edu.pl/aut/n 93081332

374 ## - Occupation

  • Occupation: Nauczyciele akademiccy.
  • Auth control #: http://nukat.edu.pl/aut/s 97050877
  • Source of term: kaba

374 ## - Occupation

  • Occupation: Prawnicy.
  • Auth control #: http://nukat.edu.pl/aut/s 95011492
  • Source of term: kaba

374 ## - Occupation

  • Occupation: Prezydenci i rektorzy uniwersytetów i uczelni.
  • Auth control #: http://nukat.edu.pl/aut/s 98053058
  • Source of term: kaba

375 ## - Gender

  • Gender: 1
  • Source of term: iso5218

377 ## - Assoc lang

  • Lang code: pol

400 1# - Trop zob. - nazwa osobowa

  • nazwa osobowa (nazwisko, imiona): Łyskowski, Ignacy Koschembahr-.

400 1# - Trop zob. - nazwa osobowa

  • nazwa osobowa (nazwisko, imiona): Koschembahr-Lyskowski, I. de.

400 1# - Trop zob. - nazwa osobowa

  • nazwa osobowa (nazwisko, imiona): Lyskowski, I. de Koschembahr-.

400 1# - Trop zob. - nazwa osobowa

  • nazwa osobowa (nazwisko, imiona): Koschembahr-Lyskowski, I. v.

400 1# - Trop zob. - nazwa osobowa

  • nazwa osobowa (nazwisko, imiona): Lyskowski, I. v. Koschembahr-.

400 1# - Trop zob. - nazwa osobowa

  • nazwa osobowa (nazwisko, imiona): Koschembahr-Lyskowski, Ignace de.

400 1# - Trop zob. - nazwa osobowa

  • nazwa osobowa (nazwisko, imiona): Łyskowski.

400 1# - Trop zob. - nazwa osobowa

  • nazwa osobowa (nazwisko, imiona): Lyskowski, Ignaz von.

400 1# - Trop zob. - nazwa osobowa

  • nazwa osobowa (nazwisko, imiona): Koschembahr-Lyskowski, J. von.

400 1# - Trop zob. - nazwa osobowa

  • nazwa osobowa (nazwisko, imiona): Łyskowski, Ignacy.

400 1# - Trop zob. - nazwa osobowa

  • nazwa osobowa (nazwisko, imiona): Łyskowski, Ign.

400 1# - Trop zob. - nazwa osobowa

  • nazwa osobowa (nazwisko, imiona): Łyskowski, Ig.

400 1# - Trop zob. - nazwa osobowa

  • nazwa osobowa (nazwisko, imiona): Koschembahr-Łyskowski, Ignacy.

400 1# - Trop zob. - nazwa osobowa

  • nazwa osobowa (nazwisko, imiona): Łyskowski, I.

400 1# - Trop zob. - nazwa osobowa

  • nazwa osobowa (nazwisko, imiona): Lyskowski, Ignaz.

400 0# - Trop zob. - nazwa osobowa

  • nazwa osobowa (nazwisko, imiona): J. L. [a]

670 ## - Źródło informacji

  • źródło informacji: WEP PWN

670 ## - Źródło informacji

  • źródło informacji: Ratio naturalis w prawie rzymskiem klasycznem / Ignacy Koschembahr-Łyskowski. - Warszawa, 1930.

670 ## - Źródło informacji

  • źródło informacji: Quelques dispositions générales d'un projet de code civil polonais / I. de Koschembahr-Lyskowski. - Paris, 1928.

670 ## - Źródło informacji

  • źródło informacji: Zivilgesetzbuch der Republik Polen / von I. v. Koschembahr-Lyskowski. - Warszawa, 1928.

670 ## - Źródło informacji

  • źródło informacji: Kp. Les dispositions de la loi et le droit / Ignace de Koschembahr-Lyskowski. - Varsovie, 1933.

670 ## - Źródło informacji

  • źródło informacji: Prawo rzymskie / [Łyskowski]. - Warszawa, [post. 1900].

670 ## - Źródło informacji

  • źródło informacji: Die collegia tenuiorum der Römer / von Ignaz von Lyskowski. - Berlin, 1888.

670 ## - Źródło informacji

  • źródło informacji: Die condictio als Bereicherunsklage im klassischen römischen Recht / von J. von Koschembahr-Lyskowski. - Weimar, 1903.

670 ## - Źródło informacji

  • źródło informacji: Procedura cywilna rzymska / Łyskowski. - Lwów, 1912.

670 ## - Źródło informacji

  • źródło informacji: Kodeks cywilny Rzeczypospolitej Polskiej / projekt wraz z uzasadnieniem oprac. Ignacy Łyskowski. - Warszawa, 1928.

670 ## - Źródło informacji

  • źródło informacji: Sławni prawnicy, 12.10.2012
  • adres internetowy: http://slawniprawnicy.pl/component/content/article/79-I.-Koschembahr-Łyskowski.html

670 ## - Źródło informacji

  • źródło informacji: pl. wikipedia, 11.10.2012
  • adres internetowy: https://pl.wikipedia.org/wiki/Ignacy_Koschembahr-%C5%81yskowski

670 ## - Źródło informacji

  • źródło informacji: Kp. Hohes deutsches Parlament! / Johann Ledochowski [i 7 innych]. - [Frankfurt a. M., 1848].
  • gdzie znaleziono informację: Aut.

670 ## - Źródło informacji

  • źródło informacji: Repetytorjum z prawa rzymskiego. Cz. 1, Dzieje / przez J. L. - Warszawa, 1924.

670 ## - Źródło informacji

  • źródło informacji: BNPol online
Biblioteka Instytutu Północnego, ul. Partyzantów 87, 10-402 Olsztyn, email: biblioteka(at)ip.olsztyn.pl